Actividades con clic
Guardado en:
| Formato: | Libro |
|---|---|
| Publicado: |
Buenos Aires :
Ministerio de Educación, Ciencia y Tecnología,
2006
|
| Series: | Colección educ.ar; No. 13
|
| Materias: | |
| Etiquetas: |
Agregar Etiqueta
Sin Etiquetas, Sea el primero en etiquetar este registro!
|
| LEADER | 00657nam a22001935a 4500 | ||
|---|---|---|---|
| 001 | CEM.cems012793 | ||
| 005 | 20080526124051.0 | ||
| 008 | 130507s2006##################000#0#####d | ||
| 003 | CEMS | ||
| 020 | |a 9872242453 | ||
| 082 | 0 | 4 | |a CD370 |
| 245 | 0 | 0 | |a Actividades con clic |
| 260 | |a Buenos Aires : |b Ministerio de Educación, Ciencia y Tecnología, |c 2006 | ||
| 300 | |a 1 CD-ROM | ||
| 490 | 0 | |a Colección educ.ar; No. 13 | |
| 505 | 0 | |a Actividades con clic -- Diseño de actividades -- Caja de herramientas -- Materiales ampliatorios | |
| 653 | |a Educación | ||
| 653 | |a Informática-actividades | ||
| 859 | |a CEMS |b BIB. CEMS - 11 de abril |h CD370 |i Ar37 |p 2190.44 |t Ej.1 |v 13 |3 13 | ||
